[Event "Paulista-chTB"]
[Site "Sao Paulo"]
[Date "2023.03.03"]
[Round "1"]
[White "Casalaspro, Mathias Andre"]
[Black "Agostinho, Albano"]
[Result "1-0"]
[WhiteElo "1833"]
[BlackElo "1872"]
[PlyCount "75"]
[EventDate "2023.03.03"]
[EventType "team-swiss"]
[EventRounds "5"]
[EventCountry "BRA"]
[SourceTitle "CBM 213 Extra"]
[Source "ChessBase"]
[SourceDate "2023.05.31"]
[SourceVersion "1"]
[SourceVersionDate "2023.05.31"]
[SourceQuality "1"]
[WhiteTeam "Kiin Hikaru"]
[BlackTeam "PMFC II"]
[WhiteTeamCountry "BRA"]
[BlackTeamCountry "BRA"]

1. e4 e5 2. f4 Bc5 3. Nf3 d6 4. Bc4 Nf6 5. Nc3 Ng4 6. Ng5 0-0 7. h3 Nf6 8. d3 h6 9. Nf3 Nc6 10. Na4 Qe7 11. Nxc5 dxc5 12. 0-0 Rd8 13. Qe2 Nd4 14. Nxd4 cxd4 15. fxe5 Qxe5 16. Bf4 Qe7 17. Qf2 Be6 18. Bxe6 fxe6 19. Bxh6 Nxe4 20. Qf4 Nf6 21. Bg5 Qd6 22. Bxf6 Qxf4 23. Rxf4 gxf6 24. Rxf6 Rd6 25. Re1 Re8 26. Re5 Re7 27. Rf4 Rg7 28. Kh2 Rc6 29. Re2 e5 30. Rfe4 Rg5 31. h4 Rf5 32. g4 Rf4 33. Rxf4 exf4 34. Kg2 Rf6 35. Kf3 c5 36. Re5 Ra6 37. Rxc5 Rxa2 38. Rc8+ 1-0

[Event "Pocos de Caldas op"]
[Site "Pocos de Caldas"]
[Date "2018.03.04"]
[Round "6"]
[White "Agostinho, Albano"]
[Black "Itagyba, Renan Fortes"]
[Result "1-0"]
[WhiteElo "1916"]
[BlackElo "1737"]
[PlyCount "37"]
[EventDate "2018.03.02"]
[EventType "swiss"]
[EventRounds "6"]
[EventCountry "BRA"]
[SourceTitle "CBM 183 Extra"]
[Source "ChessBase"]
[SourceDate "2018.04.19"]
[SourceVersion "1"]
[SourceVersionDate "2018.04.19"]
[SourceQuality "1"]

1. e4 c5 2. Nf3 d6 3. d4 cxd4 4. Nxd4 Nf6 5. Nc3 g6 6. Be3 Bg7 7. f3 0-0 8. Bc4 Nc6 9. Qd2 Nd7 10. a3 Nb6 11. Ba2 Bd7 12. 0-0 Rc8 13. Nde2 Ne5 14. b3 Qc7 15. Rac1 Nxf3+ 16. Rxf3 Bxc3 17. Nxc3 Qxc3 18. Qf2 Qb2 19. Bb1 1-0

[Event "Paulista-chTA"]
[Site "Sao Paulo"]
[Date "2015.03.08"]
[Round "7.4"]
[White "Agostinho, Albano"]
[Black "De Sousa, Felipe Mazim"]
[Result "0-1"]
[WhiteElo "2048"]
[BlackElo "2004"]
[PlyCount "100"]
[EventDate "2015.02.28"]
[EventType "team-tourn"]
[EventRounds "7"]
[EventCountry "BRA"]
[SourceTitle "EXT 2017"]
[Source "ChessBase"]
[SourceDate "2016.10.25"]
[SourceVersion "1"]
[SourceVersionDate "2016.10.25"]
[SourceQuality "1"]
[WhiteTeam "PMFC"]
[BlackTeam "CXS"]
[WhiteTeamCountry "BRA"]
[BlackTeamCountry "BRA"]

1. e4 c5 2. Nf3 Nc6 3. d4 cxd4 4. Nxd4 g6 5. Nc3 Bg7 6. Be3 Nf6 7. Bc4 0-0 8. Bb3 d6 9. f3 Bd7 10. Qd2 Nxd4 11. Bxd4 b5 12. Nd5 Nxd5 13. Bxg7 Kxg7 14. Bxd5 Rc8 15. c3 a5 16. a3 Qb6 17. Qf2 Qxf2+ 18. Kxf2 Kf6 19. f4 Be6 20. Rhd1 b4 21. axb4 axb4 22. Rac1 Bxd5 23. Rxd5 bxc3 24. bxc3 Rc4 25. Rd4 Rc6 26. Ke3 Ra8 27. Rc2 h5 28. g3 Ke6 29. h3 Ra1 30. h4 f5 31. exf5+ Kxf5 32. Rd5+ e5 33. fxe5 dxe5 34. c4 Ra3+ 35. Kf2 Kg4 36. Rxe5 Rf3+ 37. Ke2 Rxg3 38. Re4+ Kf5 39. Rd4 Rg4 40. Ke3 Re6+ 41. Kd3 Rg3+ 42. Kd2 Ke5 43. Rd5+ Ke4 44. Rc3 Rg2+ 45. Kd1 Ra6 46. Rc1 Raa2 47. Rg5 Rxg5 48. hxg5 Kd3 49. Ke1 Rh2 50. Rd1+ Ke3 0-1

[Event "Pamplona San Juan op 4th"]
[Site "Pamplona"]
[Date "2010.07.27"]
[Round "3"]
[White "Nanu, Ciprian Costica"]
[Black "Agostinho, Albano"]
[Result "1-0"]
[WhiteElo "2515"]
[BlackElo "1916"]
[PlyCount "105"]
[EventDate "2010.07.26"]
[EventType "swiss"]
[EventRounds "9"]
[EventCountry "ESP"]
[SourceTitle "CBM 137 Extra"]
[Source "ChessBase"]
[SourceDate "2010.09.01"]
[SourceVersion "1"]
[SourceVersionDate "2010.09.01"]
[SourceQuality "1"]

1. d4 d5 2. c4 c6 3. cxd5 cxd5 4. Nc3 Nc6 5. Bf4 Nf6 6. e3 a6 7. Rc1 g6 8. h3 Bg7 9. Nf3 0-0 10. Be2 Bf5 11. 0-0 h5 12. Ne5 Rc8 13. Qb3 Na5 14. Qb4 Ne4 15. Nxe4 dxe4 16. Rxc8 Bxc8 17. Rc1 Bxe5 18. dxe5 Nc6 19. Qxe4 Bf5 20. Qf3 Qa5 21. a3 Rd8 22. Bf1 Be6 23. Rd1 Rd2 24. b4 Qd8 25. Ra1 Rb2 26. Bg3 Qd2 27. Kh2 Qc2 28. Kg1 Rb1 29. Rxb1 Qxb1 30. Qe2 b5 31. Kh2 Qc1 32. Qf3 Qc3 33. Be2 Qc1 34. Qe4 Bf5 35. Qh4 Qxa3 36. Bf3 Qc3 37. Bxc6 Qxc6 38. Qxe7 Qe6 39. Qc7 Qd7 40. Qc5 g5 41. f3 Qe6 42. e4 Bg6 43. Qd4 Qe7 44. Be1 Qe6 45. Qd8+ Kh7 46. Qxg5 Qc6 47. Bd2 Kg8 48. Qf6 Qxf6 49. exf6 Kf8 50. Kg3 Ke8 51. Kf4 Kd7 52. Ke5 Bh7 53. f4 1-0

[Event "Cananeia I IRT Aberto Festa"]
[Site "Cananeia"]
[Date "2009.08.15"]
[Round "3"]
[White "Agostinho, Albano"]
[Black "Heinrichs, Vivian"]
[Result "1-0"]
[WhiteElo "1938"]
[BlackElo "1937"]
[PlyCount "24"]
[EventDate "2009.08.15"]
[EventType "swiss"]
[EventRounds "6"]
[EventCountry "BRA"]
[SourceTitle "EXT 2022"]
[Source "ChessBase"]
[SourceDate "2021.10.06"]
[SourceVersion "1"]
[SourceVersionDate "2021.10.06"]
[SourceQuality "1"]

1. e4 c5 2. Nf3 a6 3. c4 e6 4. Nc3 Nc6 5. d4 cxd4 6. Nxd4 Bb4 7. Nxc6 Bxc3+ 8. bxc3 bxc6 9. Ba3 Ne7 10. Qd2 f6 11. Bd3 Kf7 12. 0-0 Ng6 1-0

[Event "Cananeia I IRT Aberto Festa"]
[Site "Cananeia"]
[Date "2009.08.15"]
[Round "6"]
[White "De Paula, Bruno Silva"]
[Black "Agostinho, Albano"]
[Result "1-0"]
[WhiteElo "1760"]
[BlackElo "1938"]
[PlyCount "55"]
[EventDate "2009.08.15"]
[EventType "swiss"]
[EventRounds "6"]
[EventCountry "BRA"]
[SourceTitle "EXT 2022"]
[Source "ChessBase"]
[SourceDate "2021.10.06"]
[SourceVersion "1"]
[SourceVersionDate "2021.10.06"]
[SourceQuality "1"]

1. e4 e5 2. Nf3 Nc6 3. Bc4 Bc5 4. c3 Nf6 5. d4 exd4 6. cxd4 Bb4+ 7. Nc3 Nxe4 8. 0-0 Nxc3 9. bxc3 d5 10. Re1+ Be7 11. Bd3 0-0 12. Ne5 Bf6 13. Ba3 Nxe5 14. dxe5 Be7 15. Bxe7 Qxe7 16. f4 Qc5+ 17. Kh1 g6 18. Qc2 Re8 19. f5 Kg7 20. f6+ Kg8 21. Qa4 c6 22. Qf4 Be6 23. h4 h5 24. Bxg6 fxg6 25. Qh6 Qf8 26. Qxg6+ Kh8 27. Qxh5+ Kg8 28. Re3 1-0

[Event "Registro op 2008"]
[Site "Registro"]
[Date "2008.04.30"]
[Round "1"]
[White "Agostinho, Albano"]
[Black "Martins, Vinicius Tine"]
[Result "0-1"]
[WhiteElo "1853"]
[BlackElo "2277"]
[PlyCount "100"]
[EventDate "2008.04.30"]
[EventType "swiss"]
[EventRounds "9"]
[EventCountry "BRA"]
[SourceTitle "EXT 2022"]
[Source "ChessBase"]
[SourceDate "2021.10.06"]
[SourceVersion "1"]
[SourceVersionDate "2021.10.06"]
[SourceQuality "1"]

1. e4 c5 2. Nf3 d6 3. d4 cxd4 4. Nxd4 Nf6 5. Nc3 e6 6. Bd3 a6 7. a4 b6 8. Qe2 Nbd7 9. 0-0 Bb7 10. Bg5 Be7 11. f4 Qc7 12. Bh4 0-0 13. g4 g6 14. Rae1 e5 15. fxe5 dxe5 16. Nb3 Qd8 17. Bg5 Ne8 18. Bh6 Ng7 19. Nd2 Bg5 20. Bxg7 Kxg7 21. Nf3 Be7 22. Bc4 Nf6 23. h3 h5 24. g5 Ne8 25. h4 Bc5+ 26. Kh2 Nc7 27. Rd1 Qb8 28. Bd5 Bxd5 29. Nxd5 Ne6 30. c3 Qb7 31. Nd2 Rae8 32. Qf3 Nf4 33. Nc4 Nxd5 34. Rxd5 Re6 35. Rfd1 Re7 36. Qf6+ Kg8 37. b4 Re6 38. Qf3 Be7 39. Rd7 Qc6 40. Nb2 Bd6 41. Ra7 b5 42. axb5 axb5 43. Rda1 Bb8 44. R7a5 Bc7 45. Ra7 Bb8 46. R7a5 Bc7 47. Ra7 Bb6 48. R7a6 Rd8 49. Kh3 Red6 50. Rf1 Qc8+ 0-1